| 000 | 00591nam a2200193Ia 4500 | ||
|---|---|---|---|
| 003 | GCL | ||
| 005 | 20240530103941.0 | ||
| 008 | 140319s9999 xx 000 0 ara d | ||
| 040 |
_aGCL / _cGCL |
||
| 082 | 0 | 4 |
_a374.02 _bم ا |
| 100 | 1 | _aمحمد منير مرسى | |
| 245 | 1 | 0 |
_aالتجاهات الحديثة فى تعليم الكبار / _cمحمد منير مرسى |
| 250 | _aط1 | ||
| 260 |
_aالقاهرة : _bعالم الكتب ، _c1997 |
||
| 300 |
_a218 ص؛ _c24 سم |
||
| 650 | 0 | 4 | _aتعليم الكبار |
| 650 | 0 | 4 | _aالتربية والتعليم |
| 942 |
_2ddc _cBK |
||
| 999 |
_c43687 _d43687 |
||